000 01393nam2a2200349 4500
001 RU\NLR\bibl\119326
005 20250617095944.0
010 _a5-8072-0014-4
_91000
021 _aRU
_b2000-29922
_91408
035 _a(NLR Aleph) 000116845
090 _a664346
_c664346
100 _a20001012d2000 |||y0rusy50 ca
101 0 _arus
102 _aRU
105 _ab |||||||||
200 1 _aРоссия
_hч. 1
_i[Абакан-Колпашево]
210 _d2000
_aБ. м.
215 _a559 с.
_cкарт.
461 0 _1001RU\NLR\bibl\46471
_12001#$aПорты мира$vКн. 4
_9239795
_cСПб.
_d1998
_e[Офиц. изд.]
_fМ-во трансп. Рос. Федерации, Служба мор. флота "Росморфлот", ЗАО "ЦНИИМФ"
_nЗАО "ЦНИИМФ"
_o[Справ.]
_tПорты мира
_vКн. 4
606 0 _aПорты
_jСправочники
_yРоссийская Федерация
_92185814
_3RU\NLR\auth\661314190
610 0 _aПорты морские - Справочники
610 0 _aСправочники - порты морские
675 _a656.615(100)(035.5)
_v3
_zrus
686 _a73.34
_2rugasnti
686 _a39.413
_2rubbk
801 0 _aRU
_bRKP
_c20001012
_gPSBO
801 1 _aRU
_bRKP
_c20001012
801 2 _aRU
_bNLR
_c20001213
_grcr
852 _aNLR
_j99-7/1899
942 _cBOOK
980 _aNB